<?xml version="1.0" encoding="UTF-8"?>
<collection xmlns="http://www.loc.gov/MARC21/slim">
 <record>
  <leader>00936pamaa2200157   4500</leader>
  <controlfield tag="001">0000032449</controlfield>
  <controlfield tag="005">20140825090000.0</controlfield>
  <datafield tag="082" ind1=" " ind2=" ">
   <subfield code="a">624.1834 SEM</subfield>
  </datafield>
  <datafield tag="090" ind1="0" ind2="0">
   <subfield code="a">TA681.5 </subfield>
   <subfield code="b">SEM 2001</subfield>
  </datafield>
  <datafield tag="245" ind1="0" ind2="0">
   <subfield code="a">SEMINAR on concrete codes of practice in Malaysia after 2006  </subfield>
   <subfield code="c">organised by Monash University; in collaboration with iccmc, UTM and supported by SIRIM, Malaysia Standard &amp; Akreditasi held on 1st December 2001 at Monash University Malaysia.</subfield>
  </datafield>
  <datafield tag="260" ind1="0" ind2="0">
   <subfield code="a">Petaling Jaya: </subfield>
   <subfield code="b">Monash University, </subfield>
   <subfield code="c">2001.</subfield>
  </datafield>
  <datafield tag="300" ind1=" " ind2=" ">
   <subfield code="a">various pages: </subfield>
   <subfield code="b">ill.; </subfield>
   <subfield code="c">30cm.</subfield>
  </datafield>
  <datafield tag="500" ind1="0" ind2="0">
   <subfield code="a">Contents : 1. Asian Concrete Model Code (ACMC 2001). 2.  Implications of ACMA 2001 and its Future Direction in Asia-Pacific Region. 3. Development of Malaysian Standards for Construction Codes of Practices. 4. Australian Standards AS 3600 Concrete Structures AS/NZS 1170 (Loading Standards)</subfield>
  </datafield>
  <datafield tag="610" ind1="1" ind2="0">
   <subfield code="a">Monash University  Malaysia </subfield>
  </datafield>
  <datafield tag="650" ind1="0" ind2="0">
   <subfield code="a">Concrete codes -- </subfield>
   <subfield code="x">Standards </subfield>
  </datafield>
  <datafield tag="650" ind1="0" ind2="0">
   <subfield code="a">Seminar paper </subfield>
  </datafield>
 </record>
</collection>
